| 000 | 00590nam a2200217 a 4500 | ||
|---|---|---|---|
| 999 |
_c7424 _d7424 |
||
| 001 | 2641 | ||
| 003 | CDMR | ||
| 005 | 20211123110934.0 | ||
| 008 | 130130s1974||||||||||||||||||||||||||||d | ||
| 020 | _a8472354369 | ||
| 040 |
_aCDMR _bcat _cCDMR |
||
| 100 | 1 |
_aPortell, José María _91978 |
|
| 245 | 1 | 4 |
_aLos hombres de ETA _c/ José María Portell |
| 250 |
_a4ª _bedición |
||
| 260 |
_aBarcelona: _bDopesa, _c1979 |
||
| 300 |
_a282 p ; _c20 cm |
||
| 490 | 0 |
_aTestimonio de actualidad; _v12 |
|
| 610 | 1 |
_94232 _aETA (Organització) |
|
| 650 | 0 | 4 |
_9797 _aReportatges literaris |
| 942 |
_cMON _2udc |
||